<?xml version="1.0" encoding="UTF-8"?>
<record
    xmlns:xsi="http://www.w3.org/2001/XMLSchema-instance"
    xsi:schemaLocation="http://www.loc.gov/MARC21/slim http://www.loc.gov/standards/marcxml/schema/MARC21slim.xsd"
    xmlns="http://www.loc.gov/MARC21/slim">

  <leader>00969nam a2200289 u 4500</leader>
  <controlfield tag="001">796544</controlfield>
  <controlfield tag="005">20260506095634.0</controlfield>
  <controlfield tag="008">030218e20000202                    spa  </controlfield>
  <datafield tag="020" ind1=" " ind2=" ">
    <subfield code="a">9683677606</subfield>
  </datafield>
  <datafield tag="035" ind1=" " ind2=" ">
    <subfield code="a">796544</subfield>
  </datafield>
  <datafield tag="035" ind1=" " ind2=" ">
    <subfield code="a">(OCoLC)48394593</subfield>
  </datafield>
  <datafield tag="040" ind1=" " ind2=" ">
    <subfield code="c">comduadb</subfield>
  </datafield>
  <datafield tag="041" ind1=" " ind2=" ">
    <subfield code="a">spa</subfield>
  </datafield>
  <datafield tag="082" ind1=" " ind2="4">
    <subfield code="a">501</subfield>
  </datafield>
  <datafield tag="100" ind1="1" ind2="0">
    <subfield code="a">Costa, Newton Carneiro Alfonso da,</subfield>
    <subfield code="d">1929-</subfield>
    <subfield code="4">aut</subfield>
    <subfield code="0">(isni)0000 0001 1684 8215</subfield>
    <subfield code="0">(viaf)91306871</subfield>
    <subfield code="e">aut</subfield>
  </datafield>
  <datafield tag="245" ind1="1" ind2="3">
    <subfield code="a">El conocimiento cientifico</subfield>
  </datafield>
  <datafield tag="260" ind1=" " ind2=" ">
    <subfield code="a">M&#xE9;xico :</subfield>
    <subfield code="b">Universidad Nacional Aut&#xF3;noma de M&#xE9;xico (UNAM),</subfield>
    <subfield code="c">2000.</subfield>
  </datafield>
  <datafield tag="300" ind1=" " ind2=" ">
    <subfield code="a">314 p&#xE1;ginas</subfield>
  </datafield>
  <datafield tag="650" ind1=" " ind2=" ">
    <subfield code="a">Conocimiento cient&#xED;fico</subfield>
    <subfield code="9">57311</subfield>
  </datafield>
  <datafield tag="650" ind1=" " ind2=" ">
    <subfield code="a">Racionalidad cient&#xED;fica</subfield>
    <subfield code="9">97355</subfield>
  </datafield>
  <datafield tag="650" ind1=" " ind2="7">
    <subfield code="a">Verdad</subfield>
    <subfield code="2">lemb</subfield>
    <subfield code="9">63707</subfield>
  </datafield>
  <datafield tag="650" ind1=" " ind2="7">
    <subfield code="a">L&#xF3;gica</subfield>
    <subfield code="2">lemb</subfield>
    <subfield code="9">30095</subfield>
  </datafield>
  <datafield tag="650" ind1=" " ind2=" ">
    <subfield code="a">Intuicismo</subfield>
    <subfield code="9">75753</subfield>
  </datafield>
  <datafield tag="650" ind1=" " ind2="7">
    <subfield code="a">Filosof&#xED;a de la ciencia</subfield>
    <subfield code="2">armarc</subfield>
    <subfield code="9">1526</subfield>
  </datafield>
  <datafield tag="700" ind1="1" ind2="0">
    <subfield code="a">Bobenrieth Miserda, Andr&#xE9;s,</subfield>
    <subfield code="d">1965-</subfield>
    <subfield code="4">trl</subfield>
    <subfield code="0">(isni)ISNI - 0000 0000 678</subfield>
    <subfield code="0">(viaf)17133055</subfield>
    <subfield code="e">trl</subfield>
    <subfield code="9">278097</subfield>
  </datafield>
  <datafield tag="942" ind1=" " ind2=" ">
    <subfield code="c">BOOK</subfield>
  </datafield>
  <datafield tag="999" ind1=" " ind2=" ">
    <subfield code="c">277248</subfield>
    <subfield code="d">277248</subfield>
  </datafield>
  <datafield tag="952" ind1=" " ind2=" ">
    <subfield code="0">0</subfield>
    <subfield code="1">0</subfield>
    <subfield code="4">0</subfield>
    <subfield code="7">0</subfield>
    <subfield code="8">SEMIACTIVA</subfield>
    <subfield code="a">BC</subfield>
    <subfield code="b">BC</subfield>
    <subfield code="d">2003-02-18</subfield>
    <subfield code="e">Editorial Universidad de Antioquia</subfield>
    <subfield code="g">97000.00</subfield>
    <subfield code="i">C770177</subfield>
    <subfield code="l">0</subfield>
    <subfield code="o">501 C837</subfield>
    <subfield code="p">61000004176023</subfield>
    <subfield code="r">2023-04-25 00:00:00</subfield>
    <subfield code="t">1</subfield>
    <subfield code="w">2023-04-25</subfield>
    <subfield code="y">BOOK</subfield>
  </datafield>
</record>
